| 000 | 00731nam a22002057a 4500 | ||
|---|---|---|---|
| 999 |
_c408 _d408 |
||
| 003 | AR-CdUCM | ||
| 008 | 190223b ||||| |||| 00| 0 spa d | ||
| 040 |
_aMUNICIPALIDAD PROVINCIAL DEL CUSCO _cBIBLIOTECA MUNICIPAL DEL CUSCO |
||
| 082 |
_a803 / _bU85 |
||
| 100 |
_aAzarru, Jua _91622 |
||
| 245 |
_aVerdades futuras y mentiras antiguas : _bEscritas en un presente incierto / |
||
| 260 |
_aParaguay : _bTte.Fariña, _c2003 |
||
| 300 |
_a200 paginas ; _c19.5 cm. |
||
| 505 | _aAsteroides --Alimento --La sonda --Los superiores --Preservar el conocimiento ... | ||
| 650 |
_aMitología paraguaya _91623 |
||
| 650 |
_aCiencia ficción _91624 |
||
| 650 |
_aLiteratura narrativa _9197 |
||
| 942 |
_2ddc _cLIBROS |
||
| 945 |
_arjall _d2019-02-23 |
||